| 000 | 00647nam a2200253 a 4500 | ||
|---|---|---|---|
| 001 | 39852 | ||
| 003 | AR-BaAGN | ||
| 005 | 20231223063233.0 | ||
| 007 | ta | ||
| 008 | 220625s2006 ag |||||r|||| ||||||spa d | ||
| 020 | _a9509009539 | ||
| 040 |
_dAR-BaAGN _aAR-BaAGN _bspa _eaacr |
||
| 100 | 1 |
_aNovaro, Marcos, _d1965- _95288 |
|
| 245 | 1 | 0 | _aHistoria de la Argentina contemporánea |
| 250 | _a1ª ed. | ||
| 260 |
_aBuenos Aires : _bEdhasa, _c2006. |
||
| 300 | _a328 páginas | ||
| 336 |
_2rdacontent _btxt |
||
| 337 |
_2rdamedia _bn |
||
| 338 |
_2rdacarrier _bnc |
||
| 650 | 4 |
_aHISTORIA ARGENTINA _92450 |
|
| 942 |
_cLIBRO _n0 |
||
| 999 |
_c39852 _d39852 |
||